[Event "Moscow Open 2018 F"]
[Site "?"]
[Date "2018.01.29"]
[Round "4.12"]
[White "Yakovlev, Egor"]
[Black "Kobozeva, Viktoria"]
[Result "0-1"]
[BlackElo "2019"]
[WhiteElo "2232"]
[LiveChessVersion "1.4.8"]

1. e4 {[%clk 1:27:14]} c5 {[%clk 1:25:42]} 2. Nf3 {[%clk 1:27:30]} d6
{[%clk 1:26:03]} 3. d4 {[%clk 1:27:20]} cxd4 {[%clk 1:26:29]} 4. Nxd4
{[%clk 1:27:45]} Nf6 {[%clk 1:26:55]} 5. Nc3 {[%clk 1:28:12]} a6 {[%clk 1:27:21]}
6. Bg5 {[%clk 1:28:39]} Nbd7 {[%clk 1:27:47]} 7. Qe2 {[%clk 1:28:17]} e6
{[%clk 1:27:26]} 8. f4 {[%clk 1:27:01]} Qc7 {[%clk 1:27:31]} 9. O-O-O
{[%clk 1:26:37]} Be7 {[%clk 1:26:11]} 10. g4 {[%clk 1:26:31]} b5 {[%clk 1:26:02]}
11. Bg2 {[%clk 1:25:53]} b4 {[%clk 0:42:43]} 12. e5 {[%clk 1:07:09]} bxc3
{[%clk 0:43:06]} 13. Bxa8 {[%clk 1:04:57]} dxe5 {[%clk 0:35:53]} 14. fxe5
{[%clk 1:03:10]} Nxe5 {[%clk 0:20:11]} 15. Bf4 {[%clk 0:57:11]} Nd3+
{[%clk 0:19:39]} 16. Qxd3 {[%clk 0:55:57]} Qxf4+ {[%clk 0:20:02]} 17. Kb1
{[%clk 0:56:19]} Qb8 {[%clk 0:06:48]} 18. Bc6+ {[%clk 0:56:33]} Kf8
{[%clk 0:06:47]} 19. Qxc3 {[%clk 0:56:05]} Nxg4 {[%clk 0:06:03]} 20. Rhg1
{[%clk 0:55:00]} Nf6 {[%clk 0:03:15]} 21. Bf3 {[%clk 0:53:52]} Bd7
{[%clk 0:02:20]} 22. Bc6 {[%clk 0:52:56]} Bc8 {[%clk 0:01:52]} 23. Nf3
{[%clk 0:49:23]} g6 {[%clk 0:01:06]} 24. Ne5 {[%clk 0:49:00]} Kg7
{[%clk 0:00:34]} 25. Rdf1 {[%clk 0:49:15]} Qb4 {[%clk 0:00:34]} 26. Qf3
{[%clk 0:49:10]} Qc5 {[%clk 0:00:32]} 27. Ng4 {[%clk 0:47:26]} Nxg4
{[%clk 0:00:33]} 28. Rxg4 {[%clk 0:27:16]} f5 {[%clk 0:00:58]} 29. Rgg1
{[%clk 0:27:14]} Bf6 {[%clk 0:00:57]} 30. c3 {[%clk 0:26:57]} e5 {[%clk 0:00:35]}
31. Be4 {[%clk 0:26:28]} Kf7 {[%clk 0:00:34]} 32. Bc2 {[%clk 0:26:50]} Be6
{[%clk 0:00:34]} 33. Qb7+ {[%clk 0:27:01]} Qe7 {[%clk 0:00:35]} 34. Qxa6
{[%clk 0:27:01]} Bd5 {[%clk 0:00:35]} 35. Qb5 {[%clk 0:26:19]} Be6
{[%clk 0:00:41]} 36. Bb3 {[%clk 0:25:56]} e4 {[%clk 0:00:50]} 37. Rd1
{[%clk 0:26:19]} Rd8 {[%clk 0:00:34]} 38. Rxd8 {[%clk 0:26:36]} Qxd8
{[%clk 0:00:58]} 39. Rd1 {[%clk 0:26:48]} Qc8 {[%clk 0:00:33]} 40. Rd7+
{[%clk 0:22:15]} Be7 {[%clk 0:00:59]} 41. a4 {[%clk 0:20:23]} Bxb3
{[%clk 0:00:32]} 42. Qxb3+ {[%clk 0:20:47]} Kf6 {[%clk 0:00:33]} 43. Qb6+
{[%clk 0:20:24]} Kf7 {[%clk 0:00:55]} 44. Qd6 {[%clk 0:20:09]} Qe8
{[%clk 0:01:06]} 45. Qd5+ {[%clk 0:20:33]} Kf6 {[%clk 0:00:39]} 46. Qd4+
{[%clk 0:19:28]} Kf7 {[%clk 0:00:48]} 47. Ra7 {[%clk 0:19:44]} Qb8
{[%clk 0:00:33]} 48. Qd5+ {[%clk 0:18:26]} Kf6 {[%clk 0:00:40]} 49. Ra6+
{[%clk 0:18:19]} Kg5 {[%clk 0:00:32]} 50. Re6 {[%clk 0:18:02]} Bf6
{[%clk 0:00:31]} 51. Qd2+ {[%clk 0:18:23]} f4 {[%clk 0:00:35]} 52. Qd5+
{[%clk 0:18:45]} 0-1

[Event "Moscow Open 2018 F"]
[Site "?"]
[Date "2018.01.29"]
[Round "4.13"]
[White "Kasparov, Aram"]
[Black "Bykova, Anastasia"]
[Result "0-1"]
[BlackElo "2226"]
[WhiteElo "1986"]
[LiveChessVersion "1.4.8"]

1. e4 e6 2. d4 d5 3. Nd2 c5 4. Ngf3 cxd4 5. Nxd4 Nc6 6. Nxc6 bxc6 7. Bd3 Nf6 8.
Qe2 Be7 9. O-O O-O 10. Re1 Bb7 11. e5 Nd7 12. Qh5 g6 13. Qg4 Nc5 14. Bf1 a5 15.
Nf3 Re8 16. Bh6 Qb6 17. b3 Ne4 18. Rxe4 dxe4 19. Qxe4 c5 20. Qe3 Bxf3 21. Qxf3 a4
22. Re1 axb3 23. axb3 Ra2 24. Bd3 Qa5 25. Rf1 Qc3 26. Qc6 Rea8 27. Qc7 R2a7 28.
Qc6 Qxe5 29. Be3 Ra1 30. Qb7 Bg5 31. Bxg5 Qxg5 32. h3 h6 33. g3 Rxf1+ 34. Bxf1
Ra2 35. Qb8+ Kg7 36. h4 Qf5 37. Bd3 Ra1+ 38. Kg2 Qd5+ 39. f3 Qd4 40. Kh2 Qf2+ 41.
Kh3 Rh1+ 42. Kg4 f5+ 43. Kf4 Qd4+ 44. Bf1 {[%clk 0:00:00]} 0-1

[Event "Moscow Open 2018 F"]
[Site "?"]
[Date "2018.01.29"]
[Round "4.14"]
[White "Oguzov, Shamil"]
[Black "Kudenko, Alexander"]
[Result "0-1"]
[BlackElo "1978"]
[WhiteElo "2220"]
[LiveChessVersion "1.4.8"]

1. e4 {[%clk 1:22:23]} c5 {[%clk 1:30:18]} 2. Nf3 {[%clk 1:22:37]} e6
{[%clk 1:30:44]} 3. b3 {[%clk 1:23:03]} b6 {[%clk 1:30:12]} 4. d4
{[%clk 1:22:41]} cxd4 {[%clk 1:30:18]} 5. Nxd4 {[%clk 1:22:33]} Qh4
{[%clk 1:26:42]} 6. Bd3 {[%clk 1:17:13]} Bc5 {[%clk 1:26:24]} 7. Be3
{[%clk 1:15:10]} Nc6 {[%clk 1:20:18]} 8. c3 {[%clk 1:09:29]} Nf6 {[%clk 1:11:38]}
9. g3 {[%clk 0:56:23]} Qg4 {[%clk 1:09:03]} 10. Be2 {[%clk 0:41:00]} Qg6
{[%clk 1:08:12]} 11. f3 {[%clk 0:25:35]} Ne5 {[%clk 0:59:01]} 12. b4
{[%clk 0:23:04]} Be7 {[%clk 0:57:18]} 13. Bf4 {[%clk 0:21:26]} Nc6
{[%clk 0:56:37]} 14. Nxc6 {[%clk 0:21:37]} dxc6 {[%clk 0:57:05]} 15. Bd6
{[%clk 0:21:05]} Bb7 {[%clk 0:54:25]} 16. e5 {[%clk 0:15:22]} Rd8
{[%clk 0:42:53]} 17. Bd3 {[%clk 0:14:15]} Qh6 {[%clk 0:42:11]} 18. Bxe7
{[%clk 0:13:17]} Kxe7 {[%clk 0:24:53]} 19. exf6+ {[%clk 0:13:28]} gxf6
{[%clk 0:25:20]} 20. f4 {[%clk 0:04:20]} c5 {[%clk 0:19:26]} 21. O-O
{[%clk 0:04:35]} c4 {[%clk 0:19:52]} 22. Nd2 {[%clk 0:02:23]} Rxd3
{[%clk 0:20:06]} 23. Qe2 {[%clk 0:02:35]} Qh3 24. Nf3 Qg4 25. Kg2 Rg8 26. Rad1
Rgd8 27. h3 Qf5 28. Rxd3 Rxd3 29. Kh2 Qd5 30. Nd4 Rxc3 31. Nc2 Rd3 32. Ne3 Qe4
33. Re1 Rxe3 0-1

[Event "Moscow Open 2018 F"]
[Site "?"]
[Date "2018.01.29"]
[Round "4.15"]
[White "Antonov, Andrey P."]
[Black "Kulpin, Dmitriy"]
[Result "0-1"]
[BlackElo "1970"]
[WhiteElo "2176"]
[LiveChessVersion "1.4.8"]

1. e4 {[%clk 1:31:27]} c5 {[%clk 1:29:52]} 2. c4 {[%clk 1:31:27]} Nc6
{[%clk 1:29:52]} 3. Nc3 {[%clk 1:31:52]} Nf6 {[%clk 1:28:50]} 4. g3
{[%clk 1:32:07]} d6 {[%clk 1:28:27]} 5. Bg2 {[%clk 1:32:10]} g6 {[%clk 1:28:10]}
6. Nge2 {[%clk 1:32:10]} Bg7 {[%clk 1:27:54]} 7. O-O {[%clk 1:32:33]} O-O
{[%clk 1:27:44]} 8. d3 {[%clk 1:32:58]} a6 {[%clk 1:25:10]} 9. Rb1
{[%clk 1:33:13]} Bd7 {[%clk 1:22:50]} 10. h3 {[%clk 1:29:57]} Rb8
{[%clk 1:22:07]} 11. a4 {[%clk 1:30:21]} Ne8 {[%clk 1:19:58]} 12. Be3
{[%clk 1:28:25]} Nc7 {[%clk 1:18:24]} 13. d4 {[%clk 1:28:31]} cxd4
{[%clk 1:18:05]} 14. Nxd4 {[%clk 1:28:57]} Nxd4 {[%clk 1:15:47]} 15. Bxd4
{[%clk 1:29:22]} Bxd4 {[%clk 1:15:58]} 16. Qxd4 {[%clk 1:29:49]} b5
{[%clk 1:10:57]} 17. cxb5 {[%clk 1:17:22]} axb5 {[%clk 1:11:14]} 18. b3
{[%clk 1:16:30]} Ne6 {[%clk 1:09:35]} 19. Qe3 {[%clk 1:15:28]} Nc5
{[%clk 1:08:58]} 20. axb5 {[%clk 1:08:12]} Bxb5 {[%clk 1:09:00]} 21. Rfd1
{[%clk 1:07:21]} Bc6 {[%clk 0:45:27]} 22. e5 {[%clk 1:01:23]} Bxg2
{[%clk 0:45:16]} 23. Kxg2 {[%clk 1:01:28]} Rb7 {[%clk 0:20:04]} 24. exd6
{[%clk 0:58:19]} exd6 {[%clk 0:20:15]} 25. Nd5 {[%clk 0:58:39]} Kg7
{[%clk 0:17:13]} 26. Re1 {[%clk 0:52:30]} h5 {[%clk 0:08:14]} 27. Qd4+
{[%clk 0:43:28]} Kh6 {[%clk 0:07:35]} 28. b4 {[%clk 0:32:21]} Ne6
{[%clk 0:07:47]} 29. Qd3 {[%clk 0:31:38]} Re8 {[%clk 0:03:57]} 30. b5
{[%clk 0:30:48]} Nc5 {[%clk 0:02:55]} 31. Qd2+ {[%clk 0:30:17]} Kg7
{[%clk 0:02:25]} 32. Qd4+ {[%clk 0:29:06]} Kh6 {[%clk 0:02:48]} 33. b6
{[%clk 0:24:20]} Rxe1 {[%clk 0:02:59]} 34. Rxe1 {[%clk 0:24:43]} Ne6
{[%clk 0:03:04]} 35. Qc3 {[%clk 0:20:35]} Kh7 {[%clk 0:02:21]} 36. Ra1
{[%clk 0:20:17]} Rxb6 {[%clk 0:01:40]} 37. Nxb6 {[%clk 0:20:17]} Qxb6
{[%clk 0:02:05]} 38. Qc8 {[%clk 0:17:51]} Qd4 {[%clk 0:01:14]} 39. Ra8
{[%clk 0:15:35]} Qe4+ {[%clk 0:00:50]} 40. Kh2 {[%clk 0:15:40]} Kh6
{[%clk 0:00:47]} 41. Qh8+ {[%clk 0:12:33]} Kg5 {[%clk 0:01:10]} 42. Ra5+
{[%clk 0:12:12]} f5 {[%clk 0:00:44]} 43. h4+ {[%clk 0:10:06]} Kg4
{[%clk 0:01:10]} 44. Ra3 {[%clk 0:06:50]} Nd4 {[%clk 0:01:19]} 45. Qxd4
{[%clk 0:06:58]} 0-1

[Event "Moscow Open 2018 F"]
[Site "?"]
[Date "2018.01.29"]
[Round "4.16"]
[White "Velichko, Arseny"]
[Black "Bocharova, Ulyana"]
[Result "1-0"]
[BlackElo "1874"]
[WhiteElo "2155"]
[LiveChessVersion "1.4.8"]

1. d4 {[%clk 1:31:15]} d5 {[%clk 1:30:54]} 2. c4 {[%clk 1:31:15]} e6
{[%clk 1:30:54]} 3. Nf3 {[%clk 1:31:15]} Nf6 {[%clk 1:30:54]} 4. e3
{[%clk 1:31:35]} Be7 {[%clk 1:31:05]} 5. Bd3 {[%clk 1:31:17]} O-O
{[%clk 1:30:47]} 6. O-O {[%clk 1:31:39]} b6 {[%clk 1:27:24]} 7. b3
{[%clk 1:31:50]} Bb7 {[%clk 1:27:32]} 8. Bb2 {[%clk 1:31:58]} c5 {[%clk 1:27:28]}
9. Nbd2 {[%clk 1:30:29]} Nbd7 {[%clk 1:27:28]} 10. Qe2 {[%clk 1:29:18]} Ne4
{[%clk 1:25:02]} 11. cxd5 {[%clk 1:23:43]} exd5 {[%clk 1:24:18]} 12. Ne5
{[%clk 1:20:08]} cxd4 {[%clk 1:04:11]} 13. exd4 {[%clk 1:13:12]} Ndf6
{[%clk 0:54:44]} 14. f3 {[%clk 1:08:03]} Nxd2 {[%clk 0:54:11]} 15. Qxd2
{[%clk 1:07:08]} Rc8 {[%clk 0:53:50]} 16. Rfe1 {[%clk 1:06:50]} Rc7
{[%clk 0:51:38]} 17. Rac1 {[%clk 1:05:25]} Rxc1 {[%clk 0:48:00]} 18. Rxc1
{[%clk 1:05:34]} Qd6 {[%clk 0:46:40]} 19. Bb5 {[%clk 1:03:10]} Rc8
{[%clk 0:44:29]} 20. Rxc8+ {[%clk 1:01:06]} Bxc8 {[%clk 0:44:54]} 21. Nc6
{[%clk 0:54:44]} a6 {[%clk 0:41:55]} 22. Nxe7+ {[%clk 0:53:33]} Qxe7
{[%clk 0:42:18]} 23. Bd3 {[%clk 0:53:24]} b5 {[%clk 0:33:59]} 24. Bc3
{[%clk 0:52:40]} Be6 {[%clk 0:32:06]} 25. Qf4 {[%clk 0:52:16]} g6
{[%clk 0:28:23]} 26. Bd2 {[%clk 0:44:15]} Ne8 {[%clk 0:26:09]} 27. Qb8
{[%clk 0:43:25]} Kg7 {[%clk 0:24:41]} 28. Qe5+ {[%clk 0:42:49]} Qf6
{[%clk 0:24:40]} 29. Kf2 {[%clk 0:42:13]} Qxe5 {[%clk 0:21:46]} 30. dxe5
{[%clk 0:42:39]} Kf8 {[%clk 0:19:57]} 31. Bb4+ {[%clk 0:42:52]} Kg7
{[%clk 0:20:06]} 32. Ke3 {[%clk 0:43:06]} f6 {[%clk 0:19:54]} 33. f4
{[%clk 0:43:07]} fxe5 {[%clk 0:18:01]} 34. fxe5 {[%clk 0:43:29]} Kf7
{[%clk 0:16:17]} 35. Kd4 {[%clk 0:43:35]} Bc8 {[%clk 0:14:08]} 36. Kxd5
{[%clk 0:40:51]} Bb7+ {[%clk 0:14:28]} 37. Kc5 {[%clk 0:41:13]} Bxg2
{[%clk 0:14:03]} 38. Kb6 {[%clk 0:41:17]} Ke6 {[%clk 0:14:25]} 39. Bc3
{[%clk 0:41:11]} Bf3 {[%clk 0:13:47]} 40. Kxa6 {[%clk 0:39:35]} Nc7+
{[%clk 0:14:12]} 41. Ka5 {[%clk 0:39:50]} Nd5 {[%clk 0:14:33]} 42. Bd4
{[%clk 0:34:11]} b4 {[%clk 0:07:44]} 43. Ba6 {[%clk 0:34:19]} Ne7
{[%clk 0:06:47]} 44. Kxb4 {[%clk 0:33:03]} Nc6+ {[%clk 0:07:11]} 45. Kc5
{[%clk 0:32:47]} Nxe5 {[%clk 0:07:07]} 46. Bxe5 {[%clk 0:32:57]} Kxe5
{[%clk 0:07:32]} 47. b4 {[%clk 0:33:16]} Ke6 {[%clk 0:07:43]} 48. b5
{[%clk 0:33:05]} Kd7 {[%clk 0:05:54]} 49. Kb6 {[%clk 0:33:25]} Kd6
{[%clk 0:06:12]} 50. a4 {[%clk 0:32:34]} g5 {[%clk 0:06:11]} 51. a5
{[%clk 0:32:20]} g4 {[%clk 0:06:21]} 52. Bb7 {[%clk 0:32:22]} h5 {[%clk 0:05:54]}
53. a6 {[%clk 0:32:39]} h4 {[%clk 0:06:01]} 54. a7 {[%clk 0:32:58]} Bxb7
{[%clk 0:06:11]} 55. Kxb7 {[%clk 0:33:24]} Kd5 {[%clk 0:06:00]} 1-0

[Event "Moscow Open 2018 F"]
[Site "?"]
[Date "2018.01.30"]
[Round "5.1"]
[White "Mokshanov, Alexey"]
[Black "Kozionov, Kirill"]
[Result "1-0"]
[BlackElo "2423"]
[WhiteElo "2415"]
[LiveChessVersion "1.4.8"]

1. e4 {[%clk 1:30:58]} Nc6 {[%clk 1:27:45]} 2. Nf3 {[%clk 1:31:12]} d6
{[%clk 1:28:07]} 3. d4 {[%clk 1:30:42]} Nf6 {[%clk 1:28:16]} 4. Nc3
{[%clk 1:30:20]} g6 {[%clk 1:28:36]} 5. h3 {[%clk 1:29:44]} Bg7 {[%clk 1:28:59]}
6. Bg5 {[%clk 1:28:54]} O-O {[%clk 1:27:17]} 7. Qd2 {[%clk 1:27:36]} a6
{[%clk 1:25:50]} 8. O-O-O {[%clk 1:17:38]} b5 {[%clk 1:26:03]} 9. Qe3
{[%clk 1:16:37]} Nd7 {[%clk 1:22:21]} 10. Nd5 {[%clk 1:10:40]} Nb6
{[%clk 1:20:07]} 11. Nxb6 {[%clk 1:03:53]} cxb6 {[%clk 1:20:33]} 12. d5
{[%clk 1:03:20]} Na5 {[%clk 1:17:56]} 13. Bh6 {[%clk 1:03:31]} Qc7
{[%clk 1:11:32]} 14. h4 {[%clk 0:55:26]} Bf6 {[%clk 0:54:21]} 15. Bxf8
{[%clk 0:43:57]} Kxf8 {[%clk 0:54:42]} 16. Qh6+ {[%clk 0:43:27]} Bg7
{[%clk 0:54:21]} 17. Qf4 {[%clk 0:43:30]} h6 {[%clk 0:39:59]} 18. Bd3
{[%clk 0:32:58]} Nc4 {[%clk 0:37:58]} 19. Bxc4 {[%clk 0:26:46]} Qxc4
{[%clk 0:38:21]} 20. Kb1 {[%clk 0:19:31]} Qb4 {[%clk 0:36:30]} 21. c3
{[%clk 0:19:57]} Bxc3 {[%clk 0:36:23]} 22. Qc1 {[%clk 0:19:22]} Bg7
{[%clk 0:26:34]} 23. Rhe1 {[%clk 0:19:12]} Bg4 {[%clk 0:24:35]} 24. Qd2
{[%clk 0:19:12]} Qxd2 {[%clk 0:19:57]} 25. Rxd2 {[%clk 0:19:36]} Bxf3
{[%clk 0:20:13]} 26. gxf3 {[%clk 0:20:05]} h5 {[%clk 0:19:54]} 27. Rc2
{[%clk 0:18:09]} Bf6 {[%clk 0:19:07]} 28. Rh1 {[%clk 0:18:35]} Bd4
{[%clk 0:18:44]} 29. Kc1 {[%clk 0:18:54]} Bc5 {[%clk 0:17:58]} 30. Kd1
{[%clk 0:18:50]} Kg7 {[%clk 0:16:57]} 31. Ke2 {[%clk 0:18:39]} a5
{[%clk 0:13:10]} 32. f4 {[%clk 0:18:47]} a4 {[%clk 0:10:00]} 33. Rg1
{[%clk 0:18:12]} Bd4 {[%clk 0:08:52]} 34. Kf3 {[%clk 0:14:03]} b4
{[%clk 0:06:40]} 35. Rc4 {[%clk 0:13:33]} Bc5 {[%clk 0:06:58]} 36. f5
{[%clk 0:07:53]} b5 {[%clk 0:07:05]} 37. Rc2 {[%clk 0:08:19]} Bd4
{[%clk 0:07:20]} 38. fxg6 {[%clk 0:07:18]} fxg6 {[%clk 0:07:46]} 39. Kg3
{[%clk 0:07:40]} Bf6 {[%clk 0:03:30]} 40. f4 {[%clk 0:07:32]} b3 {[%clk 0:02:03]}
41. axb3 {[%clk 0:07:55]} axb3 {[%clk 0:02:31]} 42. Re2 {[%clk 0:07:38]} Ra4
{[%clk 0:01:28]} 43. Rd1 {[%clk 0:03:32]} Rc4 {[%clk 0:01:35]} 44. Rd3
{[%clk 0:03:23]} Rc2 {[%clk 0:01:45]} 45. Kf3 {[%clk 0:03:39]} Bxb2
{[%clk 0:01:27]} 46. Rxb3 {[%clk 0:04:02]} Rxe2 {[%clk 0:01:50]} 47. Kxe2
{[%clk 0:04:31]} Bf6 {[%clk 0:02:15]} 48. Rxb5 {[%clk 0:04:26]} Bxh4
{[%clk 0:02:40]} 49. Rb7 {[%clk 0:04:25]} Kf8 {[%clk 0:02:28]} 50. Kf3
{[%clk 0:04:23]} Bf6 {[%clk 0:01:43]} 51. Rb3 {[%clk 0:04:30]} g5
{[%clk 0:01:48]} 52. e5 {[%clk 0:03:49]} dxe5 {[%clk 0:01:51]} 53. fxg5
{[%clk 0:04:18]} Bxg5 {[%clk 0:02:16]} 54. Ke4 {[%clk 0:04:46]} Bf6
{[%clk 0:00:39]} 55. Kf5 {[%clk 0:05:06]} Kf7 {[%clk 0:00:41]} 56. Ra3
{[%clk 0:03:26]} h4 {[%clk 0:00:50]} 57. Ra4 {[%clk 0:03:41]} Kf8
{[%clk 0:00:32]} 58. Ke6 {[%clk 0:03:26]} Bg5 {[%clk 0:00:32]} 59. Rg4
{[%clk 0:03:25]} Bf4 {[%clk 0:00:32]} 60. Rxh4 {[%clk 0:03:50]} Kg7
{[%clk 0:00:37]} 61. Rg4+ {[%clk 0:03:20]} Kf8 {[%clk 0:01:03]} 62. Rg2
{[%clk 0:03:41]} Be3 {[%clk 0:00:39]} 63. Kxe5 {[%clk 0:03:56]} Bc5
{[%clk 0:01:03]} 64. Ke6 {[%clk 0:04:20]} Bd6 {[%clk 0:01:30]} 65. Ra2
{[%clk 0:04:46]} 1-0

[Event "Moscow Open 2018 F"]
[Site "?"]
[Date "2018.01.30"]
[Round "5.2"]
[White "Ivlev, Aleksey"]
[Black "Thing, Bibek"]
[Result "1-0"]
[BlackElo "2252"]
[WhiteElo "2300"]
[LiveChessVersion "1.4.8"]

1. d4 {[%clk 1:19:22]} Nf6 {[%clk 1:28:34]} 2. c4 {[%clk 1:19:46]} e6
{[%clk 1:28:57]} 3. Nc3 {[%clk 1:20:11]} Bb4 {[%clk 1:28:56]} 4. e3
{[%clk 1:20:34]} b6 {[%clk 1:24:02]} 5. Bd3 {[%clk 1:17:35]} Bb7 {[%clk 1:22:52]}
6. Nf3 {[%clk 1:17:54]} Ne4 {[%clk 1:20:43]} 7. Qc2 {[%clk 1:12:36]} f5
{[%clk 1:20:51]} 8. Bd2 {[%clk 1:09:39]} Bxc3 {[%clk 1:16:40]} 9. Bxc3
{[%clk 1:09:56]} Qe7 {[%clk 1:13:47]} 10. O-O-O {[%clk 1:08:20]} Na6
{[%clk 1:02:01]} 11. a3 {[%clk 1:04:21]} O-O-O {[%clk 0:59:47]} 12. Be1
{[%clk 0:45:46]} c5 {[%clk 0:51:13]} 13. d5 {[%clk 0:45:46]} exd5
{[%clk 0:50:30]} 14. cxd5 {[%clk 0:46:04]} Nc7 {[%clk 0:50:35]} 15. Bc4
{[%clk 0:44:05]} Rhf8 {[%clk 0:42:19]} 16. Ng1 {[%clk 0:33:21]} Rf6
{[%clk 0:28:15]} 17. Ne2 {[%clk 0:30:33]} Rd6 {[%clk 0:23:08]} 18. f3
{[%clk 0:30:26]} Nf6 {[%clk 0:18:52]} 19. Ng3 {[%clk 0:29:51]} g6
{[%clk 0:16:30]} 20. e4 {[%clk 0:30:13]} fxe4 {[%clk 0:12:14]} 21. Nxe4
{[%clk 0:29:34]} Rxd5 {[%clk 0:11:35]} 22. Bxd5 {[%clk 0:29:48]} Nfxd5
{[%clk 0:11:07]} 23. Bg3 {[%clk 0:27:31]} Ne3 {[%clk 0:08:42]} 24. Qe2
{[%clk 0:27:17]} d5 {[%clk 0:04:29]} 25. Qxe3 {[%clk 0:27:29]} dxe4
{[%clk 0:04:17]} 26. Rxd8+ {[%clk 0:27:52]} Qxd8 {[%clk 0:03:33]} 27. Bxc7
{[%clk 0:28:10]} Qxc7 {[%clk 0:03:51]} 28. fxe4 {[%clk 0:27:18]} Qf7
{[%clk 0:02:20]} 29. Re1 {[%clk 0:25:48]} Qc4+ {[%clk 0:01:23]} 30. Qc3
{[%clk 0:26:02]} Qf7 {[%clk 0:01:02]} 31. g3 {[%clk 0:25:43]} Bc6
{[%clk 0:01:25]} 32. e5 {[%clk 0:25:46]} Bd7 {[%clk 0:01:53]} 33. b4
{[%clk 0:19:35]} c4 {[%clk 0:01:21]} 34. Qe3 {[%clk 0:19:13]} Be6
{[%clk 0:00:59]} 35. b5 {[%clk 0:17:46]} Qd7 {[%clk 0:00:42]} 36. a4
{[%clk 0:17:06]} Qe7 {[%clk 0:01:06]} 37. Qc3 {[%clk 0:16:46]} Qc5
{[%clk 0:01:03]} 38. Rd1 {[%clk 0:15:51]} Bf5 {[%clk 0:01:17]} 39. Rd4
{[%clk 0:14:50]} Be6 {[%clk 0:01:38]} 40. g4 {[%clk 0:14:16]} Qf8
{[%clk 0:01:50]} 41. h3 {[%clk 0:13:53]} Qf2 {[%clk 0:00:52]} 42. Rd6
{[%clk 0:12:29]} Qf7 {[%clk 0:00:35]} 43. a5 {[%clk 0:11:44]} h5 {[%clk 0:00:32]}
44. Qd2 {[%clk 0:10:22]} bxa5 {[%clk 0:00:35]} 45. Qe3 {[%clk 0:09:25]} Qf1+
{[%clk 0:00:32]} 46. Kb2 {[%clk 0:09:42]} Bd7 {[%clk 0:00:31]} 47. e6
{[%clk 0:09:39]} Qg2+ {[%clk 0:00:31]} 48. Kc3 {[%clk 0:09:43]} Be8
{[%clk 0:00:35]} 49. Rd2 {[%clk 0:08:55]} Qh1 {[%clk 0:00:36]} 50. Qc5+
{[%clk 0:09:04]} Kb7 {[%clk 0:00:43]} 51. Qd5+ {[%clk 0:06:50]} Qxd5
{[%clk 0:01:03]} 52. Rxd5 {[%clk 0:07:19]} hxg4 {[%clk 0:01:21]} 53. hxg4
{[%clk 0:07:03]} Kc7 {[%clk 0:01:26]} 54. Kxc4 {[%clk 0:07:20]} Kb6
{[%clk 0:01:14]} 55. Rd8 {[%clk 0:07:18]} Bxb5+ {[%clk 0:01:37]} 56. Kc3
{[%clk 0:07:47]} 1-0

[Event "Moscow Open 2018 F"]
[Site "?"]
[Date "2018.01.30"]
[Round "5.3"]
[White "Zakhartsov, Vladimir"]
[Black "Paravyan, David"]
[Result "0-1"]
[BlackElo "2603"]
[WhiteElo "2472"]
[LiveChessVersion "1.4.8"]

1. e4 e5 {[%clk 1:27:11]} 2. Nf3 {[%clk 1:31:19]} Nc6 {[%clk 1:27:37]} 3. Nc3
{[%clk 1:31:33]} Nf6 {[%clk 1:28:03]} 4. Bb5 {[%clk 1:31:55]} Bc5
{[%clk 1:28:24]} 5. O-O {[%clk 1:31:22]} O-O {[%clk 1:28:50]} 6. d3
{[%clk 1:27:43]} Nd4 {[%clk 1:27:47]} 7. Bc4 {[%clk 1:27:15]} c6 {[%clk 1:11:21]}
8. Nxd4 Bxd4 {[%clk 1:09:08]} 9. Bb3 {[%clk 1:24:00]} a5 {[%clk 1:08:40]} 10. a4
{[%clk 1:23:39]} d6 11. Be3 Bxe3 {[%clk 0:59:38]} 12. fxe3 {[%clk 1:23:21]} Be6
{[%clk 0:46:06]} 13. Ra3 {[%clk 1:18:48]} d5 14. exd5 {[%clk 1:16:15]} cxd5
{[%clk 0:40:03]} 15. d4 {[%clk 1:16:13]} e4 16. Qe1 Qd6 {[%clk 0:22:12]} 17. Qg3
{[%clk 1:14:01]} Qxg3 {[%clk 0:19:32]} 18. hxg3 {[%clk 1:14:27]} Ra6
{[%clk 0:19:29]} 19. Rxf6 {[%clk 1:07:11]} gxf6 {[%clk 0:19:55]} 20. Bxd5
{[%clk 1:07:33]} Rb6 {[%clk 0:19:43]} 21. Bxe6 {[%clk 1:07:41]} fxe6 22. Nb5
{[%clk 1:07:58]} Rc6 {[%clk 0:13:53]} 23. c3 {[%clk 1:08:24]} e5 {[%clk 0:13:20]}
24. Ra1 {[%clk 1:07:36]} exd4 {[%clk 0:12:36]} 25. exd4 {[%clk 1:07:06]} f5
{[%clk 0:13:02]} 26. d5 {[%clk 1:04:55]} Rg6 {[%clk 0:13:27]} 27. Kf2
{[%clk 1:05:16]} f4 {[%clk 0:12:15]} 28. gxf4 {[%clk 1:05:39]} Rxf4+
{[%clk 0:12:42]} 29. Ke3 {[%clk 1:06:05]} Rh4 {[%clk 0:09:36]} 30. Kf2
{[%clk 0:58:12]} Rf4+ {[%clk 0:09:45]} 31. Ke3 {[%clk 0:58:38]} Rh4
{[%clk 0:10:12]} 32. Kf2 {[%clk 0:59:02]} Rh2 {[%clk 0:09:02]} 33. Rd1
{[%clk 0:56:56]} Rgxg2+ {[%clk 0:09:08]} 34. Ke3 {[%clk 0:57:22]} Re2+
{[%clk 0:08:17]} 35. Kf4 {[%clk 0:57:49]} Rd2 {[%clk 0:08:41]} 36. Rg1+
{[%clk 0:58:13]} Rhg2 37. Rh1 {[%clk 0:58:38]} Rxd5 {[%clk 0:09:19]} 38. Kxe4
{[%clk 0:59:05]} Rdg5 {[%clk 0:08:34]} 39. Rd1 {[%clk 0:59:06]} h5
{[%clk 0:08:42]} 40. Rd8+ {[%clk 0:59:10]} Kh7 {[%clk 0:09:06]} 41. Nd6
{[%clk 0:59:26]} Rd2 {[%clk 0:07:10]} 42. Nxb7 {[%clk 0:59:38]} Rxd8
{[%clk 0:07:36]} 43. Nxd8 {[%clk 1:00:04]} Rg4+ {[%clk 0:05:58]} 44. Kf5
{[%clk 0:58:54]} Rxa4 {[%clk 0:06:20]} 45. Ne6 {[%clk 0:59:18]} Kh6
{[%clk 0:05:32]} 46. Nd4 {[%clk 0:56:55]} Ra2 {[%clk 0:05:58]} 47. b3
{[%clk 0:57:15]} Rf2+ {[%clk 0:06:23]} 48. Ke4 {[%clk 0:57:40]} h4
{[%clk 0:06:20]} 49. Ke3 {[%clk 0:57:29]} Rf8 {[%clk 0:06:44]} 50. Nf3
{[%clk 0:56:24]} Kh5 {[%clk 0:07:09]} 0-1